Keira Knightley - Roles by Picture - Statistics

General Stats
  • This quiz has been taken 13 times
  • The average score is 7 of 49
Answer Stats
Picture Answer % Correct
Elizabeth Bennet
58%
Elizabeth Swann
58%
Anna Karenina
42%
Sabé
42%
Domino Harvey
25%
Gabrielle Colette
25%
Joan Clarke
25%
Juliette 'Jules' Paxton
25%
Megan Burch
25%
Cathy Muller
17%
Cecilia Tallis
17%
Charlotte Salomon
17%
Gretta James
17%
Juliet
17%
Penelope 'Penny' Lockhart
17%
Sugar Plum Fairy
17%
Amy
8%
Angela
8%
Charlotte
8%
Emmy
8%
Frances 'Frankie' Almond Smith
8%
Gabrielle Chanel
8%
Georgiana Cavendish, Duchess of Devonshire
8%
Guinevere
8%
Gwyn
8%
Hélène Joncour
8%
Jackie Price
8%
Jane
8%
Jan Hall
8%
Joanna Reed
8%
Juliet
8%
Katharine Gun
8%
Lara Antipova
8%
Leah
8%
Louise
8%
Natasha Jordan
8%
Nell
8%
Rachael Morgan
8%
Rose Fleming
8%
Ruth C
8%
Sabina Spielrein
8%
Sally Alexander
8%
Sheena Rose
8%
The Fairy
8%
The Princess
8%
Tinker Bell
8%
Vera Phillips
8%
Young Celia
8%
Young Judith
8%
No matching quizzes found
Score Distribution
Percent of People with Each Score
Percentile by Number Answered
Your Score History
You have not taken this quiz